Score 0/16 Timer 02:00
0 Plays Today
Clue Answer % Correct
These came tumbling down at JerichoWALLS
95%
Cartoonist Disney and poet WhitmanWALTS
92.4%
Find a spouseMARRY
92%
Toad featuresWARTS
91.6%
H.G. ____, science-fiction authorWELLS
91%
Son of George and Lorraine McFlyMARTY
90%
Convenience storesMARTS
89.6%
Famous cable guyLARRY
88.9%
Clue Answer % Correct
Fake a signatureFORGE
81.4%
British truckLORRY
68.4%
Decide to go withoutFORGO
67.1%
Coen Brothers' first Oscar-winning movieFARGO
63.2%
A skill or talent at which a person excelsFORTE
53.7%
Yankees manager from 1996 to 2007TORRE
52%
Rich dessertTORTE
50.4%
Star of 'M' and 'The Maltese Falcon'LORRE
46.9%

Today's Daily Dose

Remove Ads.
Support Sporcle.
Get the best of Sporcle when you Go Orange. This ad-free experience offers more features, more stats, and more fun while also helping to support Sporcle. Thank you for becoming a member.

You're not logged in!

Compare scores with friends on all Sporcle quizzes.
OR
Log In

Show Comments

Extras

Top Quizzes Today


Score Distribution

Your Account Isn't Verified!

In order to create a playlist on Sporcle, you need to verify the email address you used during registration. Go to your Sporcle Settings to finish the process.

Report this User

Report this user for behavior that violates our Community Guidelines.

Details: